<?xml version="1.0" encoding="UTF-8"?>
<record
    xmlns:xsi="http://www.w3.org/2001/XMLSchema-instance"
    xsi:schemaLocation="http://www.loc.gov/MARC21/slim http://www.loc.gov/standards/marcxml/schema/MARC21slim.xsd"
    xmlns="http://www.loc.gov/MARC21/slim">

  <leader>01671nam a22002417a 4500</leader>
  <controlfield tag="003">OSt</controlfield>
  <controlfield tag="005">20260306092734.0</controlfield>
  <controlfield tag="008">260209b        |||||||| |||| 00| 0 eng d</controlfield>
  <datafield tag="037" ind1=" " ind2=" ">
    <subfield code="b">Donaci&#xF3;n</subfield>
  </datafield>
  <datafield tag="040" ind1=" " ind2=" ">
    <subfield code="a">CO-JMCR</subfield>
    <subfield code="b">spa</subfield>
    <subfield code="c">CO-JMCR</subfield>
    <subfield code="d">CO-JMCR</subfield>
    <subfield code="e">rda</subfield>
  </datafield>
  <datafield tag="041" ind1=" " ind2=" ">
    <subfield code="a">spa</subfield>
  </datafield>
  <datafield tag="082" ind1=" " ind2=" ">
    <subfield code="a">972.415</subfield>
    <subfield code="b">G64l</subfield>
  </datafield>
  <datafield tag="100" ind1=" " ind2=" ">
    <subfield code="a">Gonz&#xE1;lez Leal, Mariano , </subfield>
    <subfield code="9">44527</subfield>
  </datafield>
  <datafield tag="245" ind1=" " ind2=" ">
    <subfield code="a">Le&#xF3;n: </subfield>
    <subfield code="b">trayectoria y destino /</subfield>
  </datafield>
  <datafield tag="250" ind1=" " ind2=" ">
    <subfield code="a">2da ed.</subfield>
  </datafield>
  <datafield tag="260" ind1=" " ind2=" ">
    <subfield code="a">Le&#xF3;n, Gto :</subfield>
    <subfield code="b">Universidad de Guanajuato, Centro de Investigaciones Human&#xED;sticas : H. Ayuntamiento de Le&#xF3;n Guanajuato,</subfield>
    <subfield code="c">1999.</subfield>
  </datafield>
  <datafield tag="300" ind1=" " ind2=" ">
    <subfield code="a">267 p.</subfield>
    <subfield code="b">il. (a col.), planos, facs&#xED;ms., fots., retrs. ;</subfield>
    <subfield code="c">31 cm.</subfield>
  </datafield>
  <datafield tag="500" ind1=" " ind2=" ">
    <subfield code="a">Contiene bibliograf&#xED;a</subfield>
  </datafield>
  <datafield tag="520" ind1=" " ind2=" ">
    <subfield code="a">El precursor -- La fundaci&#xF3;n y los fundadores -- D&#xED;as del terror y sangre -- El alba de la paz -- En los albores del siglo XVII -- Bajo los &#xFA;ltimos hapsburgos -- La imagen tutelar -- La consolidaci&#xF3;n -- Postrimetrias del Virreinato -- En el v&#xF3;rtice -- La guerra insurgente -- Los primeros a&#xF1;os de independencia -- Los a&#xF1;os del federalismo -- La ciudad de Le&#xF3;n de los Aldamas -- Entre federalismo y centralismo -- Dos benefactores y sus obras -- El parteaguas del siglo XIX -- Los a&#xF1;os de la reforma -- En la intervenci&#xF3;n y el imperio -- La ciudad episcopal -- El coronel Octavio Rosado y la vida cultural en la Rep&#xFA;blica restaurada -- Trescientos a&#xF1;os de vida -- Un noble instituto educativo y una propsera empresa -- Los a&#xF1;os cimeros -- De la cumbre a la tragedia -- El ojo del Hurac&#xE1;n -- El ave F&#xE9;nix -- El esplendor de la belle &#xC9;poque -- Los albores de nuestro siglo -- Sumario.</subfield>
  </datafield>
  <datafield tag="650" ind1=" " ind2=" ">
    <subfield code="a">Vida social y costumbres</subfield>
  </datafield>
  <datafield tag="650" ind1=" " ind2=" ">
    <subfield code="a">Historia</subfield>
  </datafield>
  <datafield tag="942" ind1=" " ind2=" ">
    <subfield code="2">ddc</subfield>
    <subfield code="c">BK</subfield>
  </datafield>
  <datafield tag="999" ind1=" " ind2=" ">
    <subfield code="c">31146</subfield>
    <subfield code="d">17530</subfield>
  </datafield>
  <datafield tag="952" ind1=" " ind2=" ">
    <subfield code="0">0</subfield>
    <subfield code="1">0</subfield>
    <subfield code="2">ddc</subfield>
    <subfield code="4">0</subfield>
    <subfield code="7">0</subfield>
    <subfield code="8">NFIC</subfield>
    <subfield code="a">CPL</subfield>
    <subfield code="b">CPL</subfield>
    <subfield code="c">CART</subfield>
    <subfield code="d">2026-02-09</subfield>
    <subfield code="e">Donaci&#xF3;n</subfield>
    <subfield code="l">0</subfield>
    <subfield code="o">972.415 G64l</subfield>
    <subfield code="p">201812564</subfield>
    <subfield code="r">2026-02-09 21:36:00</subfield>
    <subfield code="t">Ej.1</subfield>
    <subfield code="w">2026-02-09</subfield>
    <subfield code="y">BK</subfield>
  </datafield>
</record>
